书目信息 |
| 题名: |
无线电元器件原理及选用
|
|
| 作者: | 贝之 编著 | |
| 分册: | ||
| 出版信息: | 北京 北京出版社 1983 |
|
| 页数: | 254页 | |
| 开本: | 19cm | |
| 丛书名: | ||
| 单 册: | ||
| 中图分类: | TN1 | |
| 科图分类: | ||
| 主题词: | 电子元件 , 电子器件 , 真空电子技术 | |
| 电子资源: | ||
| ISBN: | ||
| 000 | 00726nam0 2200277 45 | |
| 001 | 0183000387 | |
| 005 | 20040906110740.7 | |
| 010 | @dCNY0.80 | |
| 091 | @a15071.52 | |
| 100 | @a19950309d1983 em y0chiy0121 ea | |
| 101 | 0 | @achi |
| 102 | @aCN@b110000 | |
| 105 | @ay z 000yy | |
| 106 | @ar | |
| 200 | 10 | @a无线电元器件原理及选用@Awu xian dian yuan qi jian yuan li ji xuan yong@f贝之编著 |
| 210 | @a北京@c北京出版社@d1983 | |
| 215 | @a254页@d19cm | |
| 300 | @a无线电电子基本知识之二 | |
| 606 | @a电子元件 | |
| 606 | @a电子器件 | |
| 606 | 0 | @a真空电子技术 |
| 690 | @aTN1@v3 | |
| 701 | 0 | @a贝之@Abei zhi@4编著 |
| 801 | 0 | @aCN@b上海图书馆@c20040520 |
| 801 | 2 | @aCN@bNLC@c20040520 |
| 905 | @dTN1@e27@f1@b146180 | |
| 无线电元器件原理及选用/贝之编著.-北京:北京出版社,1983 |
| 254页;19cm |
| 无线电电子基本知识之二 |
| ISBN :CNY0.80 |
| ● |
| 相关链接 |
|
|
|
|
正题名:无线电元器件原理及选用
索取号:TN1/27
 
预约/预借
| 序号 | 登录号 | 条形码 | 馆藏地/架位号 | 状态 | 备注 |
| 1 | 0106851 | 001350077 | 第三借阅区/ [索取号:TN1/27] | 在馆 | |
| 2 | 0106853 | 001349641 | 第二样本阅览室/ [索取号:TN1/27] | 在馆 | |
| 3 | 0146178 | 001350111 | 密集书库/ [索取号:TN1/27] | 在馆 | |
| 4 | 0146179 | 001350031 | 第三借阅区/ [索取号:TN1/27] | 在馆 | |
| 5 | 0146180 | 001946096 | 密集书库/ [索取号:TN1/27] | 在馆 |